LEADER 00436cac0 22001811 450 001 LAEC00022744 005 20110502113801.0 100 $a20110502f0000 |||||ita|0103 ba 102 $aFR 110 $ab 200 1 $aCorpus 801 0$aIT$bUNISOB$c20110502$gRICA 912 $aLAEC00022744 940 $aC 121 Collana SBN 941 $aC 996 $aCorpus$91323851 997 $aUNISOB 998 \\$1001E600200021534$12001 $a<>corps